000 01092nam a22002177a 4500
999 _c59950
_d59950
003 Ge_BSU
005 20230522123406.0
008 230522s1978 ge ||||| |||| 00| 0 geo d
041 _ageo
080 _a008 ქ-42
100 _aქერქაძე, დ.
_93560
245 _aლოკალური ცივილიზაციების თეორიათა კრიტიკა /
_cდ. ქერქაძე; რედ. ნ. ნათაძე; საქ. სსრ მეცნიერებათა აკადემია. ფილოსოფიის ინსტიტუტი.
264 _aთბილისი :
_bმეცნიერება,
_c1978.
300 _a90 გვ. ;
_b21 სმ.
490 _aმეცნიერულ-პოპულარული სერია
504 _aბიბლიოგრ. გვ. 89-90.
520 _a რეზ. რუს. ენ.
653 _aცივილიზაციების თეორია
700 _aნათაძე, ნ.
_eრედაქტორი
_93704
942 _2udc
_cBK